[Event "Championnat de France des Jeunes - Junio"]
[Site "LE GRAND BORNAND"]
[Date "2007.04.09"]
[Round "2.2"]
[White "Huisman, Camille"]
[Black "Mehiaoui, Dounia"]
[Result "1/2-1/2"]
[WhiteElo "1610"]
[BlackElo "1909"]
[PlyCount "73"]

1. e4 e5 2. Nf3 Nc6 3. Bc4 Bc5 4. d3 d6 5. Nc3 Nf6 6. Bg5 Be6 7. Nd5 Bxd5 8.
Bxd5 h6 9. Bxf6 Qxf6 10. c3 O-O 11. b4 Bb6 12. Bxc6 bxc6 13. O-O d5 14. Qc2
Rad8 15. Rfe1 Rfe8 16. Rad1 g5 17. h3 h5 18. Qe2 g4 19. hxg4 hxg4 20. Nh2 g3
21. Qg4+ Qg6 22. Qxg6+ fxg6 23. Ng4 gxf2+ 24. Nxf2 Rf8 25. d4 exd4 26. cxd4 a5
27. bxa5 Bxa5 28. Re3 dxe4 29. Rxe4 Bb6 30. Ng4 Rd6 31. Kh1 Rfd8 32. Re7 Rxd4
33. Nh6+ Kh8 34. Nf7+ Kg8 35. Nh6+ Kh8 36. Nf7+ Kg8 37. Nh6+ 1/2-1/2

[Event "Championnat de France des Jeunes - Junio"]
[Site "LE GRAND BORNAND"]
[Date "2007.04.09"]
[Round "2.3"]
[White "Bolon, Karelle"]
[Black "Bermond, Stephanie"]
[Result "1-0"]
[WhiteElo "2107"]
[BlackElo "1885"]
[PlyCount "31"]

1. d4 d5 2. Bf4 Nf6 3. Nf3 e6 4. e3 c5 5. c3 Nc6 6. Nbd2 Be7 7. Bd3 h6 8. h3
O-O 9. O-O Re8 10. Ne5 Nxe5 11. dxe5 Nd7 12. Qh5 Qc7 13. Nf3 Bf8 14. Ng5 Nb6
15. Nxf7 Qxf7 16. Bh7+ 1-0

[Event "Championnat de France des Jeunes - Junio"]
[Site "LE GRAND BORNAND"]
[Date "2007.04.09"]
[Round "2.4"]
[White "Choisy, Mathilde"]
[Black "Cloarec, Audrey"]
[Result "1-0"]
[WhiteElo "2100"]
[BlackElo "1859"]
[PlyCount "65"]

1. e4 d5 2. exd5 Qxd5 3. Nc3 Qa5 4. d4 c6 5. Nf3 Nf6 6. Ne5 Bf5 7. Bc4 e6 8. g4
Be4 9. O-O Bd5 10. Bd3 Bd6 11. f4 Qb4 12. Nxd5 Nxd5 13. c4 Bxe5 14. fxe5 Nd7
15. Qf3 O-O-O 16. a3 Qb6 17. Qe4 N7f6 18. exf6 Nxf6 19. c5 Qb3 20. Bc2 Qc4 21.
Qd3 Rxd4 22. Qxc4 Rxc4 23. Bd1 Rd8 24. Bg5 Rxc5 25. Bxf6 gxf6 26. Rxf6 Rcd5 27.
Bf3 Rd2 28. Rxf7 Rxb2 29. Rxh7 Rdd2 30. g5 Rf2 31. Rf1 Rxf1+ 32. Kxf1 Rb5 33.
g6 1-0

[Event "Championnat de France des Jeunes - Junio"]
[Site "LE GRAND BORNAND"]
[Date "2007.04.09"]
[Round "2.5"]
[White "Maupin, Valerie"]
[Black "Magnin, Segolene"]
[Result "1-0"]
[WhiteElo "2020"]
[BlackElo "1796"]
[PlyCount "83"]

1. d4 Nf6 2. c4 e6 3. Nc3 Bb4 4. Qc2 c5 5. dxc5 Bxc5 6. Nf3 a5 7. Bg5 O-O 8. e3
Nc6 9. a3 h6 10. Bh4 Be7 11. Be2 b6 12. O-O Ba6 13. Rfd1 Rc8 14. e4 d6 15. e5
Ne8 16. Bg3 Qc7 17. exd6 Bxd6 18. Rxd6 Nxd6 19. c5 Bxe2 20. Bxd6 Qb7 21. Qxe2
Rfd8 22. Qb5 Rd7 23. b4 Na7 24. Qxb6 Qxb6 25. cxb6 Rxc3 26. bxa7 Rxa7 27. bxa5
Rd3 28. Bb4 Rad7 29. Kf1 f6 30. Ke2 e5 31. Nd2 f5 32. Rc1 R3d5 33. Rc8+ Kf7 34.
Nc4 Ra7 35. Ne3 Rdd7 36. Nxf5 Ke6 37. Ne3 h5 38. Rc6+ Kf7 39. Nc4 Rd5 40. a6 g6
41. Nd6+ Kg8 42. Nc8 1-0

[Event "Championnat de France des Jeunes - Junio"]
[Site "LE GRAND BORNAND"]
[Date "2007.04.09"]
[Round "2.1"]
[White "Feller, Sebastien"]
[Black "Iglesias, Joachim"]
[Result "1-0"]
[WhiteElo "2445"]
[BlackElo "2144"]
[PlyCount "119"]

1. d4 e6 2. Nf3 b6 3. e4 Bb7 4. Bd3 Nf6 5. e5 Ne4 6. O-O f5 7. exf6 Nxf6 8. Bg5
Be7 9. Nbd2 O-O 10. Re1 Nd5 11. Bxe7 Qxe7 12. Be4 b5 13. c3 Qf6 14. a4 a6 15.
Qb3 Bc6 16. axb5 axb5 17. Rxa8 Bxa8 18. Qxb5 Bc6 19. Qf1 Nf4 20. g3 Ng6 21. Qd3
Bxe4 22. Qxe4 Nc6 23. h4 Nge7 24. Kg2 Nf5 25. Re2 Rb8 26. d5 exd5 27. Qxd5+ Qf7
28. Qxf7+ Kxf7 29. Nc4 d6 30. Ng5+ Kg8 31. b4 h6 32. Ne6 Re8 33. Kf1 Ne5 34.
Nxe5 Rxe6 35. Nc6 Rf6 36. Ke1 Kf8 37. c4 g5 38. hxg5 hxg5 39. Ra2 Ne7 40. Ra8+
Kf7 41. Nxe7 Kxe7 42. Ra5 Re6+ 43. Kd2 Kf6 44. Ra7 Re7 45. b5 Kf7 46. Kd3 g4
47. c5 dxc5 48. Ra4 Rd7+ 49. Kc3 Rd1 50. Rxg4 Rc1+ 51. Kb2 Rf1 52. Rf4+ Ke6 53.
Kb3 Kd5 54. Rf7 Kd6 55. Kc3 Rb1 56. g4 Rxb5 57. g5 Ke6 58. g6 c4 59. f4 Kd5 60.
Rf5+ 1-0

[Event "Championnat de France des Jeunes - Junio"]
[Site "LE GRAND BORNAND"]
[Date "2007.04.09"]
[Round "2.2"]
[White "Soyez, Cyril"]
[Black "Le Goff, Damien"]
[Result "1-0"]
[WhiteElo "2155"]
[BlackElo "2279"]
[PlyCount "89"]

1. c4 e5 2. g3 Nc6 3. Bg2 g6 4. Nc3 d6 5. Rb1 Be6 6. b4 Qd7 7. d3 Bg7 8. Bd2
Nge7 9. Nd5 O-O 10. b5 Nd8 11. Qa4 f5 12. h4 h6 13. f4 e4 14. dxe4 fxe4 15.
Nxe7+ Qxe7 16. Bxe4 Bg4 17. Bf3 Bf5 18. Rd1 Ne6 19. Be3 Ng5 20. hxg5 Qxe3 21.
gxh6 Qc3+ 22. Rd2 Bd4 23. Qb3 Qa5 24. Kd1 Bc3 25. Rd5 Rae8 26. Nh3 Re3 27. b6
c5 28. Rxf5 gxf5 29. bxa7 Bd4 30. Qxb7 Qxa2 31. h7+ Kh8 32. a8=Q Qxa8 33. Qxa8
Rxa8 34. Bxa8 Kxh7 35. Ng5+ Kg6 36. Nf3 Ra3 37. Bd5 Bf2 38. Rh8 Ra1+ 39. Kc2
Ra2+ 40. Kb3 Rxe2 41. Nh4+ Kg7 42. Rg8+ Kh7 43. Nxf5 Rd2 44. Rg7+ Kh8 45. Rg6
1-0

[Event "Championnat de France des Jeunes - Junio"]
[Site "LE GRAND BORNAND"]
[Date "2007.04.09"]
[Round "2.3"]
[White "Cotonnec, Melkior"]
[Black "Przymusinski, Nicolas"]
[Result "1/2-1/2"]
[WhiteElo "2231"]
[BlackElo "2067"]
[PlyCount "67"]

1. e4 c5 2. Nf3 d6 3. d4 cxd4 4. Nxd4 Nf6 5. Nc3 a6 6. Bg5 e6 7. f4 Be7 8. Qf3
h6 9. Bh4 g5 10. fxg5 Nfd7 11. Nxe6 fxe6 12. Qh5+ Kf8 13. Bb5 Rh7 14. O-O+ Kg8
15. g6 Rg7 16. Rf7 Bxh4 17. Qxh6 Rxf7 18. gxf7+ Kxf7 19. Rf1+ Bf6 20. Qh7+ Ke8
21. Qh5+ Ke7 22. Qh7+ Ke8 23. Qg6+ Kf8 24. e5 dxe5 25. Ne4 Qb6+ 26. Kh1 axb5
27. Nxf6 Ke7 28. Qg7+ Kd8 29. Qg8+ Kc7 30. Ne8+ Kd8 31. Nd6+ Kc7 32. Ne8+ Kd8
33. Ng7+ Kc7 34. Ne8+ 1/2-1/2

[Event "Championnat de France des Jeunes - Junio"]
[Site "LE GRAND BORNAND"]
[Date "2007.04.09"]
[Round "2.4"]
[White "Nass, Emile"]
[Black "Delorme, Alban"]
[Result "1/2-1/2"]
[WhiteElo "2071"]
[BlackElo "2221"]
[PlyCount "46"]

1. Nf3 Nf6 2. g3 e6 3. Bg2 d5 4. O-O Be7 5. d4 O-O 6. c4 dxc4 7. Qc2 a6 8. Qxc4
b5 9. Qc2 Bb7 10. Bg5 Be4 11. Qc1 Nbd7 12. Bxf6 Nxf6 13. Nbd2 Bb7 14. Nb3 Nd7
15. Rd1 Qc8 16. Qc2 c5 17. dxc5 Nxc5 18. Nxc5 Qxc5 19. Qxc5 Bxc5 20. Rac1 Rac8
21. Ne5 Bxg2 22. Kxg2 Be7 23. Nc6 Bd8 1/2-1/2

[Event "Championnat de France des Jeunes - Junio"]
[Site "LE GRAND BORNAND"]
[Date "2007.04.09"]
[Round "2.5"]
[White "Pieroni, Guillaume"]
[Black "Houard, Sebastien"]
[Result "1-0"]
[WhiteElo "2200"]
[BlackElo "2041"]
[PlyCount "51"]

1. e4 e5 2. d4 exd4 3. Qxd4 Nc6 4. Qe3 Nf6 5. Nc3 Bb4 6. Bd2 O-O 7. O-O-O Re8
8. f3 d6 9. Qf2 Be6 10. g4 Na5 11. h4 Nc4 12. Bxc4 Bxc4 13. h5 Nd7 14. Nge2 a5
15. Ng3 a4 16. Nf5 b5 17. b3 axb3 18. axb3 c5 19. Nb1 Bxb3 20. cxb3 Ra2 21. Qe3
Qa5 22. Bxb4 cxb4 23. Rd2 Rc8+ 24. Kd1 Rc3 25. Qg5 g6 26. Rxa2 1-0

[Event "Championnat de France des Jeunes - Junio"]
[Site "LE GRAND BORNAND"]
[Date "2007.04.09"]
[Round "2.6"]
[White "Benedic, Patrick"]
[Black "Platel, Alexandre"]
[Result "0-1"]
[WhiteElo "2060"]
[BlackElo "2197"]
[PlyCount "56"]

1. e4 c5 2. Nf3 e6 3. d4 cxd4 4. Nxd4 a6 5. Nc3 Qc7 6. g3 b5 7. Bg2 Bb7 8. O-O
b4 9. Na4 Nf6 10. Re1 d6 11. c3 bxc3 12. Nxc3 Nbd7 13. Bg5 Be7 14. Rc1 Qb8 15.
Qa4 O-O 16. b4 Rc8 17. Qb3 Ne5 18. a4 Nd3 19. a5 Nxe1 20. Rxe1 h6 21. Bd2 Qc7
22. Na4 Nd7 23. Bf1 Bf6 24. Bc3 Rab8 25. Nxe6 fxe6 26. Qxe6+ Kh8 27. Bxf6 Nxf6
28. Nb6 Re8 0-1

[Event "Championnat de France des Jeunes - Junio"]
[Site "LE GRAND BORNAND"]
[Date "2007.04.09"]
[Round "2.7"]
[White "Mania, Clement"]
[Black "Entem, Alan"]
[Result "1-0"]
[WhiteElo "1912"]
[BlackElo "2168"]
[PlyCount "97"]

1. d4 e6 2. Nc3 d5 3. Nf3 c5 4. e4 Nf6 5. Bg5 cxd4 6. Nxd4 Be7 7. exd5 Nxd5 8.
Bxe7 Nxe7 9. Ndb5 Nec6 10. Qxd8+ Kxd8 11. O-O-O+ Nd7 12. Nd6 Ke7 13. Bb5 Ndb8
14. Rd2 a6 15. Bxc6 Nxc6 16. Na4 Rb8 17. Nb6 Na7 18. Rhd1 h6 19. Rd4 e5 20. Re4
Be6 21. Rxe5 Rhd8 22. Ndc4 Rxd1+ 23. Kxd1 Rd8+ 24. Kc1 Nc6 25. Re2 Rd4 26. Ne3
Kd6 27. b3 Ne5 28. Rd2 Rxd2 29. Kxd2 Kc5 30. Na4+ Kb4 31. Kc1 b5 32. Nb2 f5 33.
f4 Nc6 34. Kb1 Kc3 35. Kc1 Kb4 36. Nbd1 Ka3 37. Kb1 Nd4 38. c3 Nxb3 39. Nc2+
Ka4 40. axb3+ Bxb3 41. Nf2 Ka5 42. Nd4 Bd5 43. g3 Be4+ 44. Ka2 g5 45. Nd1 gxf4
46. gxf4 b4 47. Kb3 bxc3 48. Kxc3 Kb6 49. Ne3 1-0

[Event "Championnat de France des Jeunes - Junio"]
[Site "LE GRAND BORNAND"]
[Date "2007.04.09"]
[Round "2.8"]
[White "Garro, Pierre"]
[Black "Duhamel, Benoit"]
[Result "1-0"]
[WhiteElo "2176"]
[BlackElo "1880"]
[PlyCount "103"]

1. e4 e5 2. Nf3 Nc6 3. Bb5 a6 4. Ba4 Nf6 5. O-O b5 6. Bb3 Be7 7. Re1 d6 8. c3
Nb8 9. d4 Nbd7 10. Ng5 O-O 11. f4 Bb7 12. Bc2 c5 13. Qd3 Qc7 14. fxe5 dxe5 15.
d5 h6 16. Nh3 Ng4 17. c4 bxc4 18. Qg3 h5 19. Nc3 Qd8 20. Qf3 f5 21. exf5 Nb6
22. Nf2 Nf6 23. Nfe4 Nbxd5 24. Nxf6+ Rxf6 25. Qxh5 Nb4 26. Be4 Bxe4 27. Rxe4
Nc2 28. Rb1 Qd3 29. Qe2 Rxf5 30. Rxc4 Qxe2 31. Nxe2 Rd8 32. Bh6 Nd4 33. Ng3
Ne2+ 34. Nxe2 gxh6 35. Ng3 Rf4 36. Rxf4 exf4 37. Nf5 Bg5 38. h4 Bf6 39. Nxh6+
Kh7 40. Nf7 Rd5 41. Rf1 Bxh4 42. Rxf4 Bg3 43. Rf3 Rd1+ 44. Rf1 Bh2+ 45. Kf2
Rd2+ 46. Kf3 Kg6 47. g3 Rd3+ 48. Ke4 Rd4+ 49. Ke3 Bxg3 50. Rg1 Kxf7 51. Rxg3
Rd6 52. Rg5 1-0

[Event "Championnat de France des Jeunes - Junio"]
[Site "LE GRAND BORNAND"]
[Date "2007.04.09"]
[Round "2.9"]
[White "Watier, Simon"]
[Black "Ryan, Martin"]
[Result "1/2-1/2"]
[WhiteElo "1830"]
[BlackElo "2010"]
[PlyCount "87"]

1. e4 c5 2. Nf3 d6 3. d4 cxd4 4. Nxd4 Nf6 5. Nc3 a6 6. f4 e5 7. Nf3 Nbd7 8. a4
b6 9. Bc4 Be7 10. O-O O-O 11. Re1 Bb7 12. Nd5 Bxd5 13. Bxd5 Nxd5 14. exd5 Bf6
15. c3 Re8 16. Qc2 Qc7 17. fxe5 Nxe5 18. Nxe5 Bxe5 19. Be3 Qc4 20. Rad1 Qh4 21.
h3 Qg3 22. Qd2 Qh2+ 23. Kf1 Bg3 24. Re2 Qh1+ 25. Bg1 Bh2 26. Kf2 Rxe2+ 27. Qxe2
Bxg1+ 28. Rxg1 Qh2 29. Qe3 Qe5 30. Re1 Qxe3+ 31. Rxe3 Kf8 32. Ke2 Rc8 33. Kd3
Rc5 34. Kd4 b5 35. axb5 axb5 36. b3 g6 37. c4 b4 38. g4 Ra5 39. Re2 h6 40. Rf2
Ke7 41. Re2+ Kd7 42. Rf2 Ke7 43. Re2+ Kd7 44. Rf2 1/2-1/2

[Event "Championnat de France des Jeunes - Junio"]
[Site "LE GRAND BORNAND"]
[Date "2007.04.09"]
[Round "2.10"]
[White "Atanane, Cedric"]
[Black "Cabel-Simon, Remi"]
[Result "1-0"]
[WhiteElo "2002"]
[BlackElo "1853"]
[PlyCount "105"]

1. e4 g6 2. d4 Bg7 3. Nc3 d6 4. Be3 Nc6 5. Qd2 e5 6. dxe5 Nxe5 7. O-O-O Ne7 8.
h3 Be6 9. f4 Nc4 10. Bxc4 Bxc4 11. Bd4 f6 12. Nf3 Nc6 13. Rhe1 O-O 14. g4 Qd7
15. Rg1 a5 16. f5 b5 17. g5 Nxd4 18. Nxd4 a4 19. gxf6 Rxf6 20. fxg6 hxg6 21.
Ndxb5 Kh7 22. Rg4 Bh6 23. Rh4 g5 24. Rxh6+ Rxh6 25. Qxg5 Rg8 26. Qf5+ Qxf5 27.
exf5 Bxb5 28. Nxb5 Rxh3 29. Nxc7 Rg2 30. Nb5 Rhh2 31. Na3 Rf2 32. Rxd6 Rxf5 33.
b3 Ra5 34. b4 Ra8 35. b5 Rh1+ 36. Kb2 Rh4 37. b6 Rb8 38. c3 Rh2+ 39. Nc2 Rh6
40. Rxh6+ Kxh6 41. Ka3 Rxb6 42. Kxa4 Kg6 43. Nb4 Kf7 44. c4 Ke8 45. Ka5 Rb8 46.
a4 Kd7 47. Na6 Rh8 48. Kb5 Kc8 49. c5 Rh5 50. Kb6 Rh6+ 51. c6 Rh3 52. Nc7 Ra3
53. Nb5 1-0

[Event "Championnat de France des Jeunes - Junio"]
[Site "LE GRAND BORNAND"]
[Date "2007.04.09"]
[Round "2.11"]
[White "Juchet, Mathieu"]
[Black "Ferrier, David"]
[Result "0-1"]
[WhiteElo "1790"]
[BlackElo "1992"]
[PlyCount "44"]

1. d4 e6 2. e3 Nf6 3. Bd3 c5 4. c3 Nc6 5. f4 d5 6. Nd2 h5 7. h3 Bd6 8. Ngf3 a6
9. Ne5 Bd7 10. O-O b5 11. Qf3 h4 12. Qe2 Qb6 13. Kh1 Nh5 14. Qg4 Ng3+ 15. Kg1
Bxe5 16. fxe5 Nxf1 17. Qxg7 O-O-O 18. Nxf1 cxd4 19. exd4 Rdg8 20. Qxf7 Nxe5 21.
Qf6 Nxd3 22. Ne3 Qd8 0-1

[Event "Championnat de France des Jeunes - Junio"]
[Site "LE GRAND BORNAND"]
[Date "2007.04.09"]
[Round "2.12"]
[White "Tafforeau, Romain"]
[Black "Henry, Florent"]
[Result "1-0"]
[WhiteElo "1989"]
[BlackElo "1810"]
[PlyCount "67"]

1. d4 Nf6 2. c4 g6 3. Nc3 Bg7 4. e4 d6 5. Nge2 O-O 6. Ng3 Nc6 7. d5 Ne5 8. f4
Ned7 9. Be2 a6 10. Be3 Re8 11. O-O e6 12. Qd2 exd5 13. cxd5 b5 14. a3 Rb8 15.
b4 h5 16. Bf3 Nf8 17. Rac1 h4 18. Nge2 Bg4 19. Nd4 Ra8 20. Bxg4 Nxg4 21. Nc6
Qd7 22. Bd4 f6 23. h3 Nh6 24. Qf2 f5 25. e5 Ne6 26. Be3 dxe5 27. Nxe5 Bxe5 28.
dxe6 Qxe6 29. fxe5 Nf7 30. Qxh4 Qxe5 31. Bd4 g5 32. Bxe5 gxh4 33. Bxc7 Re7 34.
Nd5 1-0

[Event "Championnat de France des Jeunes - Junio"]
[Site "LE GRAND BORNAND"]
[Date "2007.04.09"]
[Round "2.13"]
[White "Rives, Sylvain"]
[Black "Sally, Paul-Adrien"]
[Result "0-1"]
[WhiteElo "1600"]
[BlackElo "1973"]
[PlyCount "122"]

1. Nf3 c5 2. c4 g6 3. g3 Bg7 4. Bg2 Nf6 5. e3 O-O 6. d4 d6 7. Nc3 Qc7 8. d5 a6
9. O-O Nbd7 10. Rb1 Rb8 11. a4 Qa5 12. Bd2 Qb4 13. b3 Qb6 14. Qc1 Ng4 15. Ne2
Nde5 16. Nxe5 Nxe5 17. Qc2 Qc7 18. f3 b5 19. axb5 axb5 20. e4 bxc4 21. bxc4 Ba6
22. Ra1 Bxc4 23. Ba5 Qd7 24. Bc3 Bxe2 25. Qxe2 Rb3 26. Bxe5 Bxe5 27. Rab1 Rfb8
28. Rxb3 Rxb3 29. Rd1 Qa7 30. Bf1 Rb2 31. Qc4 Qa2 32. Qxa2 Rxa2 33. Re1 Bd4+
34. Kh1 Rf2 35. f4 Kg7 36. h3 Kf6 37. Bc4 Rc2 38. Bd3 Rc3 39. Bb1 Rxg3 40. Kh2
Rb3 41. Rh1 Rb2+ 42. Kg3 c4 43. Rd1 Bf2+ 44. Kf3 e6 45. e5+ dxe5 46. d6 Bb6 47.
d7 exf4 48. Kxf4 Ke7 49. Be4 c3 50. Bc6 Rf2+ 51. Kg3 c2 52. Rc1 Be3 53. Ba4
Bxc1 54. Kxf2 Bf4 55. Bxc2 Kxd7 56. Kf3 e5 57. h4 f5 58. h5 Ke6 59. hxg6 hxg6
60. Bb3+ Kf6 61. Bd5 g5 0-1

[Event "Championnat de France des Jeunes - Junio"]
[Site "LE GRAND BORNAND"]
[Date "2007.04.09"]
[Round "2.14"]
[White "Pantioukhine, Slava"]
[Black "Cyrille, Wilfrid"]
[Result "1-0"]
[WhiteElo "1967"]
[BlackElo "1650"]
[PlyCount "71"]

1. d4 Nf6 2. Bg5 Ne4 3. Bh4 d5 4. f3 Nd6 5. Nc3 Nf5 6. Bf2 Nc6 7. g4 Nh6 8. Qd2
e6 9. a3 Bd7 10. O-O-O Qe7 11. g5 Nf5 12. e4 dxe4 13. fxe4 Nd6 14. Bg2 O-O-O
15. Nf3 g6 16. d5 Nc4 17. d6 cxd6 18. Qf4 a6 19. Nd2 N6e5 20. Bd4 Nxd2 21. Rxd2
Bg7 22. Bxe5 Bxe5 23. Qe3 Bc6 24. h4 Qc7 25. Rf1 Rd7 26. Rdf2 Kd8 27. Bh3 Re8
28. Ne2 Rde7 29. Nd4 Rd7 30. Rf3 Ree7 31. Rxf7 Bxd4 32. Rf8+ Re8 33. Rxe8+ Kxe8
34. Qxd4 Re7 35. Rf6 e5 36. Qc4 1-0

[Event "Championnat de France des Jeunes - Cadets"]
[Site "LE GRAND BORNAND"]
[Date ""]
[Round "2.1"]
[White "Levitt, Olivier"]
[Black "Vernay, Clovis"]
[Result "1/2-1/2"]
[WhiteElo "2010"]
[BlackElo "2347"]
[Annotator ""]

1. d4 d5 2. Nf3 Nf6 3. g3 Bf5 4. Bg2 c6 5. c4 e6 6. Nc3 Nbd7 7. O-O h6
8. b3 Ne4 9. Bb2 Be7 10. Nd2 Nxc3 11. Bxc3 O-O 12. e4 dxe4 13. Nxe4
Nf6 14. Qe2 a5 15. Rfd1 Nxe4 16. Bxe4 Bxe4 17. Qxe4 Bf6 18. Qf3 Re8
19. Rac1 Qd6 20. d5 Bxc3 21. dxe6 Qxe6 22. Rxc3 a4 23. Re3 Qc8 24.
Red3 axb3 25. Rd7 Rf8 26. axb3 Ra1 27. Kg2 Rxd1 28. Qxd1 b5 29. cxb5
cxb5 30. Qd5 b4 31. Rb7 Qc3 32. Qc4 Qxc4 33. bxc4 Rd8 34. Rxb4 Rd2 35.
Rb8+ Kh7 36. c5 Rc2 37. Rc8 h5 38. h3 g6 39. g4 hxg4 40. hxg4 Kh6 41.
Rf8 Kg7 42. Rc8 Kh6 43. Rf8 Kg7 44. Rc8 Kh6 1/2-1/2

[Event "Championnat de France des Jeunes - Cadet"]
[Site "LE GRAND BORNAND"]
[Date "2007.04.09"]
[Round "2.2"]
[White "Delorme, Axel"]
[Black "Tripoz, Alexandre"]
[Result "1-0"]
[WhiteElo "2305"]
[BlackElo "1980"]
[PlyCount "77"]

1. e4 c5 2. Nf3 Nc6 3. d4 cxd4 4. Nxd4 g6 5. c4 Bg7 6. Be3 d6 7. Nc3 Nf6 8. Be2
Bd7 9. O-O Qc8 10. f3 Ne5 11. b3 Nc6 12. Qd2 h5 13. Rac1 O-O 14. Nc2 Be6 15.
Nd5 Qd7 16. a4 Kh7 17. a5 Rfc8 18. b4 Ne5 19. Nd4 Bxd5 20. exd5 Qd8 21. Rc3
Ned7 22. Bd1 Nb8 23. Ba4 Na6 24. Rb1 Nd7 25. f4 Rab8 26. Rcc1 Ra8 27. Qe2 Nf6
28. h3 Ne4 29. f5 Nc7 30. fxg6+ fxg6 31. Bc2 Nf6 32. Nf3 Qe8 33. Ng5+ Kg8 34.
Bd4 Nh7 35. Bxg7 Kxg7 36. Nxh7 Kxh7 37. Qxh5+ Kg7 38. Qg5 e5 39. Rb3 1-0

[Event "Championnat de France des Jeunes - Cadet"]
[Site "LE GRAND BORNAND"]
[Date "2007.04.09"]
[Round "2.3"]
[White "Attarian, Florent"]
[Black "Monsieux, Cyril"]
[Result "0-1"]
[WhiteElo "1976"]
[BlackElo "2301"]
[PlyCount "42"]

1. d4 Nf6 2. Nf3 e6 3. e3 b6 4. Bd3 Bb7 5. Nbd2 c5 6. O-O Be7 7. c3 O-O 8. Qe2
Nc6 9. Ne5 Qc7 10. f4 cxd4 11. exd4 d6 12. Nef3 Rad8 13. Re1 Rfe8 14. Ne4 e5
15. fxe5 dxe5 16. Bg5 Nd5 17. dxe5 Nxe5 18. Nxe5 Qxe5 19. Qg4 h6 20. Nf6+ Nxf6
21. Rxe5 Nxg4 0-1

[Event "Championnat de France des Jeunes - Cadet"]
[Site "LE GRAND BORNAND"]
[Date "2007.04.09"]
[Round "2.4"]
[White "Frederic, Clement"]
[Black "Rocland, Theo"]
[Result "0-1"]
[WhiteElo "2241"]
[BlackElo "1954"]
[PlyCount "68"]

1. e4 e5 2. d4 exd4 3. Qxd4 Nc6 4. Qe3 Nf6 5. Nc3 Bb4 6. Bd2 O-O 7. O-O-O Re8
8. Qg3 d6 9. f4 a6 10. Nf3 b5 11. e5 Bxc3 12. Bxc3 Ne4 13. Qe1 Bf5 14. Bd3 d5
15. g4 Nxc3 16. gxf5 Nxd1 17. f6 Qxf6 18. Qg3 Qh6 19. Ng5 Nd4 20. Rxd1 f6 21.
exf6 Qxf6 22. Bxh7+ Kh8 23. Bd3 Rf8 24. Qh3+ Qh6 25. Qe3 Qf6 26. Qh3+ Qh6 27.
Qg4 Rae8 28. Rg1 Ne6 29. Re1 Nxg5 30. Rxe8 Rxe8 31. fxg5 Qxh2 32. b3 b4 33. g6
Re1+ 34. Kb2 Qe5+ 0-1

[Event "Championnat de France des Jeunes - Cadet"]
[Site "LE GRAND BORNAND"]
[Date "2007.04.09"]
[Round "2.5"]
[White "Poignot, Quentin"]
[Black "Fougerit, Valentin"]
[Result "1-0"]
[WhiteElo "1952"]
[BlackElo "2216"]
[PlyCount "65"]

1. e4 e5 2. d4 exd4 3. Qxd4 Nc6 4. Qe3 Nf6 5. Nc3 Bb4 6. Bd2 O-O 7. O-O-O Re8
8. Qg3 d5 9. exd5 Ne7 10. Bc4 Nf5 11. Qd3 Nd6 12. Bb3 b5 13. Nf3 Bc5 14. Nd4
Bxd4 15. Qxd4 Nfe4 16. Nxe4 Rxe4 17. Qc5 a5 18. a3 Bd7 19. Rhe1 b4 20. Rxe4
Nxe4 21. Qd4 Nxd2 22. Qxd2 bxa3 23. bxa3 a4 24. Ba2 Rb8 25. d6 Qf6 26. Qd4 Qg5+
27. f4 c5 28. fxg5 cxd4 29. Rxd4 Rc8 30. Rc4 Rd8 31. Rd4 Bc6 32. Bd5 Rxd6 33.
Bxf7+ 1-0

[Event "Championnat de France des Jeunes - Cadet"]
[Site "LE GRAND BORNAND"]
[Date "2007.04.09"]
[Round "2.6"]
[White "Guilleux, Fabien"]
[Black "Pouchon, Mickael"]
[Result "0-1"]
[WhiteElo "2203"]
[BlackElo "1943"]
[PlyCount "82"]

1. e4 e5 2. Nf3 Nc6 3. Bb5 a6 4. Ba4 Nf6 5. O-O Nxe4 6. d4 b5 7. Bb3 d5 8. dxe5
Be6 9. c3 Be7 10. Nbd2 O-O 11. Qe2 Nc5 12. Bc2 d4 13. cxd4 Nxd4 14. Nxd4 Qxd4
15. Kh1 Rad8 16. f4 Nd3 17. Nb3 Nxc1 18. Raxc1 Qb6 19. f5 Bc4 20. Qg4 Bxf1 21.
Rxf1 f6 22. e6 Qe3 23. h4 c5 24. h5 c4 25. Na5 Rd4 26. Qh3 Qxh3+ 27. gxh3 Rc8
28. Bd1 Rd2 29. h6 Rxb2 30. Rg1 g6 31. fxg6 Bc5 32. Bh5 Bxg1 33. g7 Rc7 34. Nc6
Rd2 35. e7 Rc8 36. e8=Q+ Rxe8 37. Bxe8 Bc5 38. Nb8 c3 39. Nd7 Be7 40. Ne5 fxe5
41. Bxb5 axb5 0-1

[Event "Championnat de France des Jeunes - Cadet"]
[Site "LE GRAND BORNAND"]
[Date "2007.04.09"]
[Round "2.7"]
[White "Bressac, Stephane"]
[Black "Genzling, Alain"]
[Result "0-1"]
[WhiteElo "1931"]
[BlackElo "2199"]
[PlyCount "54"]

1. d4 Nf6 2. Nf3 g6 3. Bg5 Ne4 4. Bf4 Bg7 5. Nbd2 d5 6. e3 O-O 7. Bd3 Bf5 8.
Nh4 Nxf2 9. Kxf2 Bxd3 10. cxd3 e5 11. dxe5 Qxh4+ 12. g3 Qe7 13. Nf3 Nd7 14. d4
f6 15. exf6 Nxf6 16. Kg2 c6 17. Rf1 Ne4 18. h4 h6 19. Qd3 g5 20. hxg5 hxg5 21.
Be5 g4 22. Ng1 Bxe5 23. dxe5 Qxe5 24. Ne2 Rf3 25. Rxf3 gxf3+ 26. Kxf3 Rf8+ 27.
Nf4 Qxb2 0-1

[Event "Championnat de France des Jeunes - Cadet"]
[Site "LE GRAND BORNAND"]
[Date "2007.04.09"]
[Round "2.8"]
[White "Brethes, Francois"]
[Black "Brissard, Nicolas"]
[Result "1-0"]
[WhiteElo "2180"]
[BlackElo "1931"]
[PlyCount "59"]

1. d4 d5 2. e3 Nf6 3. c4 e6 4. Nf3 Nbd7 5. Bd3 Be7 6. Nc3 O-O 7. O-O c6 8. Qe2
dxc4 9. Bxc4 a6 10. e4 b5 11. Bd3 e5 12. Nxe5 Nxe5 13. dxe5 Nd7 14. f4 Nc5 15.
Bc2 Qc7 16. Be3 Bb7 17. Qf2 Nd7 18. Rad1 Rad8 19. Bb3 b4 20. Na4 c5 21. e6 fxe6
22. Bxe6+ Kh8 23. Bxd7 Rxd7 24. Rxd7 Qxd7 25. Nxc5 Bxc5 26. Bxc5 Rd8 27. e5 Qb5
28. Bd6 Bd5 29. f5 Rd7 30. f6 1-0

[Event "Championnat de France des Jeunes - Cadet"]
[Site "LE GRAND BORNAND"]
[Date "2007.04.09"]
[Round "2.9"]
[White "Curto, Nicolas"]
[Black "Scalia, Jerome"]
[Result "1-0"]
[WhiteElo "2082"]
[BlackElo "1927"]
[PlyCount "51"]

1. d4 d5 2. c4 e6 3. Nc3 c6 4. Nf3 Nf6 5. Bg5 Be7 6. e3 Nbd7 7. cxd5 exd5 8.
Bd3 O-O 9. Qc2 Re8 10. h3 h6 11. Bf4 b6 12. O-O Bb7 13. Rac1 Bf8 14. Rfd1 a5
15. a3 Ba6 16. Ne5 Nxe5 17. Bxe5 Bxd3 18. Qxd3 Nd7 19. Bg3 Qf6 20. Ne2 a4 21.
Rc3 b5 22. Rdc1 Ra6 23. Nf4 g5 24. Ne2 Re6 25. f4 Nb6 26. f5 1-0

[Event "Championnat de France des Jeunes - Cadet"]
[Site "LE GRAND BORNAND"]
[Date "2007.04.09"]
[Round "2.11"]
[White "Lamberti, Hugo"]
[Black "Romain, Xavier"]
[Result "1/2-1/2"]
[WhiteElo "2078"]
[BlackElo "1755"]
[PlyCount "93"]

1. e4 c5 2. Nf3 d6 3. d4 cxd4 4. Nxd4 Nf6 5. Nc3 a6 6. Bg5 e6 7. f4 Qc7 8. Be2
Be7 9. Qd3 Bd7 10. O-O-O h5 11. Bf3 Nc6 12. Bh4 Rc8 13. h3 Nxd4 14. Qxd4 b5 15.
Rd2 Qa5 16. Kb1 b4 17. Ne2 d5 18. exd5 Bc5 19. Qe5 b3 20. Nc3 bxa2+ 21. Ka1 Bb4
22. dxe6 Bxe6 23. Nd5 Bxd2 24. Nxf6+ gxf6 25. Qxf6 O-O 26. Be4 Bc3 27. bxc3
Qxc3+ 28. Qxc3 Rxc3 29. f5 Rc4 30. fxe6 Rxe4 31. e7 Re8 32. Rd1 f5 33. g3 f4
34. gxf4 Rxf4 35. Bg5 Rf5 36. h4 Kf7 37. Kxa2 Rxg5 38. hxg5 Rxe7 39. Rd6 Re6
40. Rd4 Kg6 41. c4 h4 42. Kb3 Re3+ 43. Kb2 h3 44. Rd6+ Kxg5 45. Rxa6 h2 46. Ra1
Kg4 47. c5 1/2-1/2